02579 a2200217 45000010006000000050017000060080041000230030015000640400040000790800068001192450045001870200018002322500011002502640050002613000023003115051823003341000025021577000023021827000033022058560123022382237420260407155514.0260407a1986 arg spa dAR-UNSa-BCEJYS aAR-UNSa-BCEJYSbspacAR-UNSa-BCEJYS a336.1xFinanzas Públicas. Finanzas del gobierno en general 10aHacienda pública, teórica y aplicada a84-7196-364-8 a2a. ed 1aMadrid :bInstituto de Estudio Fiscalesc1986 ac, 1229 p.c24 cm. a1. Funciones fiscales: una panorámica - 2. Instituciones fiscales - 3. Teoría de los bienes sociales - 4. Nueva consideración de los bienes sociales - 5. Teoría de la distribución óptima - 6. Reglas de votación y política fiscal - 7. Gastos públicos: estructura y crecimiento - 8. Evaluación del gasto: principios - 9. Evaluación del gasto: estudio de casos -10.Introducción a la imposición - 11. Enfoques de la equidad tributaria - 12. Incidencia del impuesto y el gasto: introducción general - 13. Principios de la incidencia del impuesto - 14. El exceso de gravamen y la eficiencia - 15. Desarrollo y composición de la estructura tributaria de Estados Unidos - 16. Impuesto sobre la renta personal: definición de renta imponible - 17. El impuesto sobre la renta personal: otros problemas - 18. Impuesto sobre la renta de sociedades (1): estructura e integración - 19. El impuesto sobre la renta de las sociedades (2): incidencia e incentivos a la inversión - 20. Los impuestos sobre las ventas - 21. Los impuestos sobre la propiedad y la riqueza - 22. Los impuestos sucesorios - 23. El impuesto sobre las nóminas - 24. Principios de la hacienda multijurisdiccional - 25. La estructura del federalismo fiscal en Estados Unidos - 26. Los problemas actuales del federalismo fiscal - 27. Efectos fiscales sobre la demanda agregada y el empleo - 28. Aplicaciones de la política de estabilización - 29. Producción. Empleo e inflación - 30. La experiencia de la política fiscal - 31. Los efectos fiscales sobre la producción de plena capacidad - 32. La economía de la deuda pública - 33. Los programas de mantenimiento de la renta - 34. Los precios públicos y la política del medio ambiente - 35. Hacienda pública internacional - 36. La hacienda del desarrollo 1 aMusgrave, Richard A.1 aMusgarve, Peggy B.1 aLozano Irueste, Jose María41uhttps://biblioeco.unsa.edu.ar/pmb/images/libros/Hacienda Publica Teorica y Aplicada.JPGyImagen de portadaqimage/jpeg